Liberar la imaginación: ensayos sobre educación, arte y cambio social
Na minha lista:
| Autor principal: | |
|---|---|
| Formato: | Livro |
| Idioma: | espanhol |
| Publicado em: |
Barcelona
Graó
2005
|
| Edição: | 1a. ed |
| Colecção: | Micro-Macro Referencias, 5
|
| Assuntos: | |
| Tags: |
Adicionar Tag
Sem tags, seja o primeiro a adicionar uma tag!
|
MARC
| LEADER | 00000nam a2200000 a 4500 | ||
|---|---|---|---|
| 001 | UCK5318 | ||
| 003 | CL-VaPUC | ||
| 008 | 050722e20050000SP |||||||||||||||||spa|d | ||
| 020 | |a 8478273581 | ||
| 082 | 0 | 4 | |a 306.43 |b GRE |2 21 |
| 100 | 0 | |a Greene, Maxine |e author |9 494036 | |
| 245 | 1 | 0 | |a Liberar la imaginación: ensayos sobre educación, arte y cambio social |
| 250 | |a 1a. ed | ||
| 300 | |a 323 p | ||
| 942 | |c BK | ||
| 945 | |d 20050722 00:00:00 |a cmena | ||
| 260 | |a Barcelona |b Graó |c 2005 | ||
| 650 | 0 | |a Sociología de la educación |9 260380 | |
| 650 | 0 | |a Cambio social |9 256857 | |
| 650 | 0 | |a Creatividad |9 310816 | |
| 650 | 0 | |a Filosofía de la educación |9 258384 | |
| 650 | 0 | |a Educación artística |9 269035 | |
| 583 | |a last modification |c 20050722 00:00:00 |k Rodrigo Vera | ||
| 490 | 0 | |a Micro-Macro Referencias, 5 | |
| 999 | |c 313897 |d 313895 | ||
| 952 | |0 0 |1 0 |4 0 |6 306_430000000000000_GRE_2005 |7 0 |8 A |9 385687 |a BIBGIM |b BIBGIM |d 2019-11-22 |i 4147839 |l 2 |o 306.43 GRE 2005 |p 4147839 |r 2025-01-15 |s 2020-04-02 |w 2019-11-22 |y BK |k SSL | ||